| 000 | 00470cam a2200157u 4500 | ||
|---|---|---|---|
| 001 | 000001063 | ||
| 005 | 20200929145455.0 | ||
| 008 | 840302s1968 xx a 000 0 ita | ||
| 040 |
_aDO-SdBNP _bspa _cBNPHU |
||
| 082 |
_axx _bxx |
||
| 245 | 0 | 0 | _aPittura e scultura dell'Italia contemporanea /. |
| 260 |
_aRoma-Milano : _bAlfa-Carpi, _c1968. |
||
| 300 |
_a1 v. : _bil. ; _c23 cm. |
||
| 650 | 0 |
_aArt, italian _y20th century. _93652 |
|
| 650 | 0 |
_aArtists, italian _xBiography. _93653 |
|
| 999 |
_c1029 _d1029 |
||